00000000nam 2200000zi 4500
0019.951610
003CaOODSP
00520250814130547
006m     o  d f      
007cr cn|||||||||
008250530e20250814oncbd   obs  f000 0 fre d
020 |a9780660775258
040 |aCaOODSP|bfre|erda|cCaOODSP
043 |an-cn---
0861 |aCS91-0015/27F-PDF
1001 |aGalbraith, Nora, |eauteur.
24510|aComprendre les ménages multigénérationnels au Canada : |bportrait de ceux qui en font partie / |cpar Nora Galbraith et Nadine Laflamme.
264 1|a[Ottawa] : |bStatistique Canada = Statistics Canada, |c14 août 2025.
264 4|c©2025
300 |a1 ressource en ligne (26 pages) : |bcartes, graphiques.
336 |atexte|btxt|2rdacontent/fre
337 |ainformatique|bc|2rdamedia/fre
338 |aressource en ligne|bcr|2rdacarrier/fre
4901 |aDocuments démographiques, |x1205-9978 ; |vNo. 2025003
500 |aTitre de la couverture.
500 |aPublié aussi en anglais sous le titre : Unpacking Canada's multigenerational households : a look at the people who call them home.
504 |aComprend des références bibliographiques.
520 |a« Cette étude utilise les données du Recensement de la population 2021 pour décrire les caractéristiques démographiques et socio-économiques des personnes vivant dans des ménages composés de trois générations ou plus de la même famille. Les distinctions de ces caractéristiques selon la génération (la plus jeune, la moyenne ou la plus âgée) sont également examinées » -- Fourni par l'éditeur.
650 6|aMénages (Statistique)|zCanada|vStatistiques.
655 7|aStatistiques|2rvmgf
7102 |aStatistique Canada. |bDivision de la démographie, |eorganisme de publication.
77508|tUnpacking Canada’s multigenerational households : |w(CaOODSP)9.951608
830#0|aDocuments démographiques,|x1205-9978 ;|vNo. 2025003.|w(CaOODSP)9.501214
85640|qPDF|s746 Ko|uhttps://publications.gc.ca/collections/collection_2025/statcan/91f0015m2025003-fra.pdf
8564 |qHTML|sS.O.|uhttps://www150.statcan.gc.ca/n1/pub/91f0015m/91f0015m2025003-fra.htm